[Event "IBCA EU-ch blind"]
[Site "Ploiesti"]
[Date "2024.06.23"]
[Round "8"]
[White "Prpic, Milan"]
[Black "Arnedo Vigueras, Miguel"]
[Result "0-1"]
[WhiteElo "1858"]
[BlackElo "1921"]
[PlyCount "54"]
[EventDate "2024.06.16"]
[EventType "swiss"]
[EventRounds "9"]
[EventCountry "ROU"]
[SourceTitle "CBM 220 Extra"]
[Source "ChessBase"]
[SourceDate "2024.07.31"]
[SourceVersion "1"]
[SourceVersionDate "2024.07.31"]
[SourceQuality "1"]

1. d4 Nf6 2. c4 e6 3. Nc3 d5 4. Bg5 Be7 5. e3 0-0 6. Nf3 h6 7. Bxf6 Bxf6 8. Be2 dxc4 9. Bxc4 c5 10. dxc5 Bxc3+ 11. bxc3 Nd7 12. c6 bxc6 13. Qd6 Qa5 14. Rc1 Nb6 15. Bb3 Ba6 16. Nd4 Rfd8 17. Qg3 Rac8 18. f4 c5 19. Ne2 Bd3 20. Qf3 c4 21. Bc2 Qxa2 22. Bxd3 cxd3 23. Rd1 dxe2 24. Qxe2 Rxd1+ 25. Qxd1 Qxg2 26. Rf1 Rxc3 27. Qd4 Rc1+ 0-1

[Event "IBCA EU-ch blind"]
[Site "Ploiesti"]
[Date "2024.06.21"]
[Round "6"]
[White "Gerasimovic, Stanislav"]
[Black "Arnedo Vigueras, Miguel"]
[Result "1-0"]
[WhiteElo "1829"]
[BlackElo "1921"]
[PlyCount "61"]
[EventDate "2024.06.16"]
[EventType "swiss"]
[EventRounds "9"]
[EventCountry "ROU"]
[SourceTitle "CBM 220 Extra"]
[Source "ChessBase"]
[SourceDate "2024.07.31"]
[SourceVersion "1"]
[SourceVersionDate "2024.07.31"]
[SourceQuality "1"]

1. e4 c5 2. Nf3 Nc6 3. b4 cxb4 4. a3 e6 5. axb4 Bxb4 6. c3 Be7 7. d4 d5 8. e5 Bf8 9. Ba3 Bxa3 10. Nxa3 a6 11. Nb5 f6 12. Nd6+ Kf8 13. Qc1 g6 14. Bd3 Kg7 15. 0-0 fxe5 16. dxe5 Nxe5 17. Nxe5 Qxd6 18. Qe3 b5 19. Bxb5 Bb7 20. Bd3 Nf6 21. Qd4 Rhe8 22. Rfb1 Qc7 23. g4 Re7 24. f4 Ne4 25. Bxe4 dxe4 26. Nc6+ e5 27. Nxe5 Kf8 28. Nc4 Kg8 29. Nd6 Bc6 30. c4 Rd8 31. c5 1-0

[Event "IBCA EU-ch blind"]
[Site "Ploiesti"]
[Date "2024.06.17"]
[Round "2"]
[White "Stachanczyk, Jacek"]
[Black "Arnedo Vigueras, Miguel"]
[Result "1-0"]
[WhiteElo "2053"]
[BlackElo "1921"]
[PlyCount "95"]
[EventDate "2024.06.16"]
[EventType "swiss"]
[EventRounds "9"]
[EventCountry "ROU"]
[SourceTitle "CBM 220 Extra"]
[Source "ChessBase"]
[SourceDate "2024.07.31"]
[SourceVersion "1"]
[SourceVersionDate "2024.07.31"]
[SourceQuality "1"]

1. e4 c5 2. Nf3 Nc6 3. d4 cxd4 4. Nxd4 Nf6 5. Nc3 e5 6. Ndb5 d6 7. a4 a6 8. Na3 Be7 9. Bc4 Be6 10. 0-0 0-0 11. b3 Qc8 12. Bg5 h6 13. Bxf6 Bxf6 14. Bxe6 fxe6 15. Nc4 Be7 16. a5 Nb4 17. Ra4 Nc6 18. Qd3 Qc7 19. Rd1 Rad8 20. Nb6 Rf7 21. Qc4 Rdf8 22. f3 Kh8 23. Qxe6 Nd4 24. Qc4 Qxc4 25. Nxc4 Nxc2 26. Ne2 Nd4 27. Nxd4 exd4 28. Rxd4 Rd8 29. Rd5 Rf6 30. Rb4 Rb8 31. Rb6 Kg8 32. Kf2 Kf8 33. g3 g5 34. Ke3 Re6 35. Nxd6 Rd8 36. Rf5+ Kg7 37. Nc4 Rxb6 38. Nxb6 Ba3 39. Rd5 Bc1+ 40. Kd3 Rf8 41. Rd7+ Rf7 42. e5 Rxd7+ 43. Nxd7 Kf7 44. Nc5 Bb2 45. f4 gxf4 46. gxf4 Bc1 47. Ke4 Ke7 48. f5 1-0

[Event "Madrid-ch Previa B"]
[Site "Madrid"]
[Date "2023.02.25"]
[Round "9.25"]
[White "Arnedo Vigueras, Miguel"]
[Black "Torres Rebolledo, Marcos"]
[Result "0-1"]
[WhiteElo "1696"]
[BlackElo "1575"]
[PlyCount "108"]
[EventDate "2023.02.02"]
[EventType "swiss"]
[EventRounds "9"]
[EventCountry "ESP"]
[SourceTitle "EXT 2024"]
[Source "ChessBase"]
[SourceDate "2023.10.10"]
[SourceVersion "1"]
[SourceVersionDate "2023.10.10"]
[SourceQuality "1"]

1. e4 c5 2. Nf3 d6 3. d4 cxd4 4. Nxd4 Nf6 5. Nc3 g6 6. Be3 Bg7 7. Be2 0-0 8. 0-0 Nc6 9. h3 Bd7 10. Qd2 a6 11. f4 Nxd4 12. Bxd4 Bc6 13. Bf3 e5 14. Be3 exf4 15. Bxf4 Re8 16. Rfe1 Qb6+ 17. Kh1 Qxb2 18. Rab1 Qa3 19. Rb3 Qa5 20. Nd5 Qxd2 21. Nxf6+ Bxf6 22. Bxd2 b5 23. Rd3 Be5 24. Bb4 Red8 25. Red1 Ra7 26. Bxd6 Bxd6 27. Rxd6 Rad7 28. e5 Rxd6 29. Rxd6 Rxd6 30. exd6 Bd7 31. Bd5 Kg7 32. c4 bxc4 33. Bxc4 a5 34. Kg1 f5 35. Kf2 Kf6 36. a3 Ke5 37. Kf3 g5 38. g3 Kxd6 39. h4 gxh4 40. gxh4 Ke5 41. Bd3 h6 42. Bc2 Bc6+ 43. Ke3 f4+ 44. Kf2 Kd4 45. Bd1 Kc3 46. Bf3 Bxf3 47. Kxf3 Kb3 48. Kxf4 Kxa3 49. Kf5 Kb4 50. Kg6 a4 51. Kxh6 a3 52. h5 a2 53. Kh7 a1Q 54. h6 Qf6 0-1

[Event "Alcorcon Diagonal op 1st"]
[Site "Alcorcon"]
[Date "2022.01.22"]
[Round "2"]
[White "Garcia Granja, Jose"]
[Black "Arnedo Vigueras, Miguel"]
[Result "0-1"]
[WhiteElo "1099"]
[BlackElo "1406"]
[PlyCount "68"]
[EventDate "2022.01.15"]
[EventType "swiss"]
[EventRounds "7"]
[EventCountry "ESP"]
[SourceTitle "EXT 2023"]
[Source "ChessBase"]
[SourceDate "2022.10.05"]
[SourceVersion "1"]
[SourceVersionDate "2022.10.05"]
[SourceQuality "1"]

1. c4 e5 2. d3 Nf6 3. Nc3 Nc6 4. Nf3 d5 5. cxd5 Nxd5 6. a3 a5 7. g3 Be7 8. Bg2 Be6 9. Bd2 h6 10. Qc2 0-0 11. Rc1 Qd7 12. Nxd5 Bxd5 13. 0-0 Rac8 14. Bc3 Bf6 15. Qd2 Rfe8 16. Bxa5 Nxa5 17. Qxa5 e4 18. dxe4 Bxe4 19. Qb4 Bc6 20. e4 Qg4 21. Rc4 Qe6 22. Nd4 Bxd4 23. Rxd4 Rcd8 24. f4 Ra8 25. Rfd1 Ra6 26. Rd8 Ra4 27. Rxe8+ Qxe8 28. Qc3 Bxe4 29. Re1 f5 30. Qxc7 Qb5 31. Re2 Qxe2 32. Bxe4 Qxe4 33. Qd8+ Kf7 34. Qd1 Rd4 0-1